000 01522nam a2200313 i 4500
999 _c66312
_d66312
001 768714001
003 CO-MdFUSB
005 20200626174529.0
007 ta
008 200626t2009 us a|||| |||| 00| 0 eng d
020 _a9780742563964
040 _aCO-MdFUSB
_bspa
_cCO-MdFUSB
_dCO-MdFUSBC
_erda
041 _aeng
082 _223
_a153.6
_bF961
100 _aFujishin, Randy,
_eautor
245 _aCreating communication :
_bexploring and expanding your fundamental communication skills
_c/ Randy Fujishin
264 1 _aLanham, Md. :
_bRowman and Littlefield Publishers,
_c[2009]
264 4 _c© 2009
300 _a227 páginas
_bilustraciones
_c; 22 cm
336 _2rdacontent
_atexto
_btxt
337 _2rdamedia
_asin mediación
_bn
338 _2rdacarrier
_avolumen
_bnc
505 _aCrear una comunicación efectiva en su vida - Crear una comunicación positiva con usted mismo - Crear una comunicación verbal expresiva - Crear una comunicación no verbal de apoyo - Crear una comunicación espaciosa con otra cultura - Crear una comunicación receptiva como oyente - Crear una comunicación saludable en las relaciones - - Crear comunicación cooperativa en grupos -Crear comunicación orientadora como líder - Crear comunicación hábil en un discurso - Crear comunicación estratégica en sus discursos - Crear comunicación exitosa durante una entrevista.
563 _aRústico
650 0 _91074
_aComunicación interpersonal
942 _cBK
945 _aJTF-925